00329nam a2200133Ia 4500008004100000041000800041082001400049100001700063245003000080260002600110300000800136650003200144999001900176230516s9999 xx 000 0 und d aeng a615.1/PIL aK. K. Pillai aEXPERIMENTAL PHARMACOLOGY bCBS Publicationc1999 a124 aPHARMACOLOGY AND TOXICOLOGY c390292d390292